Hodvábna cesta - vybrané interkultúrne súvislosti

Poukázanie na význam poznania okrem ekonomických aj kultúrnych charakteristík krajín Ázijského kontinentu - strategických pre koncept Hodvábnej cesty. Veľkosť daného kontinentu, množstvo krajín, ktoré doň patria, množstvo jeho obyvateľov, národov, národností, ktoré tam žijú, sú skutočnosti, ktoré li...

ver descrição completa

Na minha lista:
Detalhes bibliográficos
Autor principal: Zorkóciová, Otília, 1954-
Outros Autores: Krajčík Danišová, Sonia, 1981-
Formato: Capítulo de Livro
Idioma:eslovaco
Assuntos:
Tags: Adicionar Tag
Sem tags, seja o primeiro a adicionar uma tag!

MARC

LEADER 00000naa$a2200000$$$4500
001 0290048
005 20240502074441.6
041 0 |a slo 
044 |a SK 
245 1 0 |a Hodvábna cesta - vybrané interkultúrne súvislosti  |c Otília Zorkóciová, Sonia Krajčík Danišová 
520 |a Poukázanie na význam poznania okrem ekonomických aj kultúrnych charakteristík krajín Ázijského kontinentu - strategických pre koncept Hodvábnej cesty. Veľkosť daného kontinentu, množstvo krajín, ktoré doň patria, množstvo jeho obyvateľov, národov, národností, ktoré tam žijú, sú skutočnosti, ktoré limitujú jeho jednotnú kultúrnu charakteristiku v prospech jeho kultúrnej rozmanitosti. Kultúra ako významný spoločenský fenomén – charakteristika niektorých prvkov kultúry na príklade ázijských krajín. Hodnotenie kultúrnych dimenzií vybraných ázijských krajín na základe Hofstedeho kritérií. 
610 2 0 |a globalizácia 
610 2 0 |a kultúra 
610 2 0 |a vzťahy medzinárodné 
610 2 0 |a trhy 
610 2 0 |a rodina 
610 2 0 |a náboženstvo 
610 2 0 |a správanie 
610 2 0 |a Ázia 
100 1 |a Zorkóciová, Otília, 1954- 
700 1 |a Krajčík Danišová, Sonia, 1981-